00383nam a22001337a 4500003000400000020001500004040000600019082001700025100004400042245008700086250000900173260003400182300003300216OSt a0596003064 c0 222a005.7565 aZawedny, Jeremy D and Balling ,Derek J. aHigh performance MySQL :boptimization, backups, replication and load balancing /  a1st. aCalfornia,bO'Reilly,cc2004. axvi, 276p. ;bill. ;c23 cm.